书目信息 |
| 题名: |
微处理机问答
|
|
| 作者: | 乌德 , Wood 著 ;孙霄汉 译 | |
| 分册: | ||
| 出版信息: | 北京 中国铁道出版社 1985 |
|
| 页数: | 170页 | |
| 开本: | 19cm | |
| 丛书名: | ||
| 单 册: | ||
| 中图分类: | TN368.1 , TN36-49 | |
| 科图分类: | ||
| 主题词: | 微处理机 , 半导体器件:光电器件 | |
| 电子资源: | ||
| ISBN: | ||
| 000 | 00902nam0 2200313 45 | |
| 001 | 0185020635 | |
| 005 | 20040520155341.0 | |
| 010 | @dCNY0.75 | |
| 091 | @a15043.4187 | |
| 100 | @a19900921d1985 em y0chiy0121 ea | |
| 101 | 1 | @achi@ceng |
| 102 | @aCN@b110000 | |
| 105 | @ay z 000yy | |
| 106 | @ar | |
| 200 | 10 | @a微处理机问答@Awei chu li ji wen da@f(英)乌德(Wood,A.)著@g孙霄汉译 |
| 210 | @a北京@c中国铁道出版社@d1985 | |
| 215 | @a170页@d19cm | |
| 300 | @a书名原文: Microppoessors: your questions answered. | |
| 510 | 1 | @aMicroppoessors: your questions answered@zeng |
| 606 | @a微处理机 | |
| 606 | 0 | @a半导体器件:光电器件 |
| 690 | @aTN368.1@v3 | |
| 690 | @aTN36-49 | |
| 701 | 1 | @a乌德@Awu de@bA.@4著 |
| 701 | A1 | @aWood@bA.@4著 |
| 702 | 0 | @a孙霄汉@Asun xiao han@4译 |
| 801 | 0 | @aCN@b深圳图书馆@c20040520 |
| 801 | 2 | @aCN@bNLC@c20040520 |
| 905 | @f4@b140105-108@dTN36-49@e81 | |
| 微处理机问答/(英)乌德(Wood,A.)著/孙霄汉译.-北京:中国铁道出版社,1985 |
| 170页;19cm |
| 书名原文: Microppoessors: your questions answered. |
| ISBN :CNY0.75 |
| ● |
| 相关链接 |
|
|
|
|
正题名:微处理机问答
索取号:TN36-49/81
 
预约/预借
| 序号 | 登录号 | 条形码 | 馆藏地/架位号 | 状态 | 备注 |
| 1 | 0140105 | 001640718 | 密集书库/ [索取号:TN36-49/81] | 在馆 | |
| 2 | 0140106 | 001640889 | 密集书库/ [索取号:TN36-49/81] | 在馆 | |
| 3 | 0140107 | 001640996 | 密集书库/ [索取号:TN36-49/81] | 在馆 | |
| 4 | 0140108 | 001640754 | 密集书库/ [索取号:TN36-49/81] | 在馆 | |
| 5 | 0140109 | 001640665 | 第二样本阅览室/ [索取号:TN36-49/81] | 在馆 |